000 00370nam a2200145Ia 4500
008 221030s9999 xx 000 0 und d
041 _aEnglish
082 _a105.23
_bGro
100 _aN. Grover
245 0 _aMicroprocessors : Comprehensive Studies
_cby N. Grover
260 _bDhanpat Rai Pub
_aNew Delhi
_c2002
300 _a604
650 _aBE Computer
942 _cBK
999 _c8330
_d8330